Salinity and water stress : improving crop efficiency /

Bibliographic Details
Corporate Author: SpringerLink (Online service)
Other Authors: Ashraf, M. (Muhammad), 1953-, Athar, H. R., Öztürk, Münir A. (Münir Ahmet)
Format: eBook
Language:English
Published: [Dordrecht] : Springer, [2009]
Series:Tasks for vegetation science ; 44.
Subjects:
Online Access:Connect to the full text of this electronic book

MARC

Tag First Indicator Second Indicator Subfields
LEADER 00000cam a2200000Ia 4500
001 in00002449021
005 20210727085637.0
006 m d
007 cr cn|||||||||
008 090311s2009 ne a sb 001 0 eng d
020 |a 140209065X 
020 |a 9781402090653 
035 |a (OCoLC)314175996 
035 |a (OCoLC)ocn314175996 
035 |a 3172063 
037 |a 978-1-4020-9064-6  |b Springer  |n http://www.springerlink.com 
040 |a GW5XE  |b eng  |c GW5XE  |d UtOrBLW 
049 |a TEFA 
050 1 4 |a SB317.S25eb 
070 1 |a SB317.25  |b .S27 2009 
082 0 4 |a 632.1  |2 22 
245 0 0 |a Salinity and water stress :  |b improving crop efficiency /  |c M. Ashraf, M. Ozturk, H.R. Athar, editors. 
264 1 |a [Dordrecht] :  |b Springer,  |c [2009] 
264 4 |c ©2009 
300 |a xiii, 244 pages :  |b illustrations ;  |c 27 cm. 
336 |a text  |b txt  |2 rdacontent 
337 |a computer  |b c  |2 rdamedia 
338 |a online resource  |b cr  |2 rdacarrier 
490 1 |a Tasks for vegetation science ;  |v 44 
500 |a Electronic resource. 
504 |a Includes bibliographical references and index. 
533 |a Electronic reproduction.  |b New York :  |c Springer,  |d 2009.  |n Mode of access: World Wide Web.  |n System requirements: Web browser.  |n Title from title screen (viewed on Mar. 9, 2009).  |n Access may be restricted to users at subscribing institutions. 
650 0 |a Crop improvement.  |0 http://id.loc.gov/authorities/subjects/sh91003295 
650 0 |a Crops  |x Effect of salts on.  |0 http://id.loc.gov/authorities/subjects/sh93004717 
650 0 |a Crops  |x Effect of stress on.  |0 http://id.loc.gov/authorities/subjects/sh88007708 
650 0 |a Salt-tolerant crops  |x Physiology. 
655 7 |a Electronic books.  |2 local 
700 1 |a Ashraf, M.  |q (Muhammad),  |d 1953-  |0 http://id.loc.gov/authorities/names/n2004006512 
700 1 |a Athar, H. R.  |0 http://id.loc.gov/authorities/names/no2009029267 
700 1 |a Öztürk, Münir A.  |q (Münir Ahmet)  |0 http://id.loc.gov/authorities/names/no99072694 
710 2 |a SpringerLink (Online service)  |0 http://id.loc.gov/authorities/names/no2005046756 
776 1 |c Original  |z 9781402090646  |z 1402090641  |z 140209065X  |z 9781402090653  |w (OCoLC)260208370 
830 0 |a Tasks for vegetation science ;  |v 44.  |0 http://id.loc.gov/authorities/names/n42034728 
856 4 0 |u http://proxy.library.tamu.edu/login?url=https://dx.doi.org/10.1007/978-1-4020-9065-3  |z Connect to the full text of this electronic book  |t 0 
994 |a C0  |b TEF 
999 |a MARS 
999 f f |s 43b04224-b1d4-3e81-9ad0-a4d97b4189ee  |i 12758547-d72c-3f8e-bc06-cb9914ccea61  |t 0 
952 f f |a Texas A&M University  |b College Station  |c Electronic Resources  |d Available Online  |t 0  |e SB317.S25eb  |h Library of Congress classification 
998 f f |a SB317.S25eb  |t 0  |l Available Online